000 00467nam a2200145Ia 4500
008 090124s9999 xx 000 0 und d
082 _b201609
245 _a मराठी लघुकथासंग्रह
250 _a1
260 _bभागवत अच्युत के.
_c1963
300 _a350
630 _a मराठी लघुकथासंग्रह
730 _a मराठी लघुकथासंग्रह
942 _cBOOK
999 _c183190
_d183190